1583 1612 1014 1776 1727 1295 1644 1142 1895 1965 1568 1756 1299 1589 1933 1134 1175 1143 1986 1855 1687 1483 1148 1043 1221 1249 1803 1588 1122 1815 1099 1571 1696 1465 1632 1394 1470 1649 1503 1661 1700 1515 1916 1605 1278 1092 1368 1653 1376 1746 1437 1327 1017 1525 1669 1246 1095 1871 1864 1048 1896 1519 1804 1328 1289 1189 1214 1633 1493 1753 1343 1530 1760 1449 1877 1765 1638 1036 1456 1623 1438 1472 1327 1885 1262 1982 1636 1043 1912 1019 1991 1560 1067 1070 1961 1268 1504 1051 1846 BCNSPRNW ULIB Ver.6.0+V

เปลี่ยนเป็นภาษาไทย

Change to English
 แสดงรายละเอียดบรรณานุกรม
  กลับหน้าหลัก

Brief Record : Get Marc (ISO 2709) : E-mail record : QR code < ปิดหน้าต่าง
LEADER : 00000nam 2200000uu 4500
001    13399125560
003     ULIB
008    170628s2559||||th 000 0 tha d
020    ^a9789741959600
060 0  ^aWB330^bธ666
100 0  ^aธีระพงษ์ ศรีศิลป์
245 10 ^aShort note pharmacotherapy /^cธีระพงษ์ ศรีศิลป์.
250    ^aฉบับปรับปรุง พ.ศ. 2558
260    ^aมหาสารคาม :^bคณะเภสัชศาสตร์ มหาวิทยาลัยมหาสารคาม,^c2559
300    ^a333 หน้า ;^c21 ซม.
505 0  ^a... การแปลผลทางห้องปฎิบัติการ ... Cardiovascular disorders ... Hypertension ... Hyperlipidemia ... Ishemic heart disease ... Stroke ... Heart failure ... Arrhythmia ... Critical Care in CVS ... Diabetes mellitus ... Thyroid disorders ... Acid-base imbalance ... Acute kidney injury ... Chronic kidney disease ... Antimicrobial regimen selection .. Central nervous system imfections ... Infective endocarditis ... Pneumonia ... Intra-abdominal infections ... Urinary tract infections ... Skin and soft tissue infections ... Bone and joint infections ... Sepsis and septic shock ... HIV/AIDS and opportunistic infections ... Tuberculosis ... Systemic fungal infections ... Parasitic infection ... Peptic ulcer disease ... Gastroesophageal reflux disease ... Constipation ... Diarrhea ... Liver cirrhosis ... Epilepsy ... Parkinson^'s disease ... Depressive disorders ... Bipolar disorder ... Anxiety disorders ... Schizophrenia ... Gouty arthritus ... Osteoarthritis ... Osteoporosis ... Rheumatiod arthritis ... Astma ... Chronic obstructive pulmonary disease ... Smoking Cessation
650  7 ^aการรักษาด้วยยา
700 0  ^aมหาวิทยาลัยมหาสารคาม.^bคณะเภสัชศาสตร์
856    ^a^zTable of Content (Content)^uhttp://118.174.31.60:80/ULIB//_fulltext/Content/128995/20160328135707_4723.pdf
945    ^p0^l0^i002470
945    ^p0^l0^i002471
999    ^aวรรณษา ชูชัยมงคล
รายการนี้ยังไม่มีแท็ก
คุณยังไม่ได้ล็อกอิน คุณสามารถมีกิจกรรมร่วมกับเว็บไซต์ได้ แต่ต้องล็อกอินก่อน ::
  ล็อกอิน

รายการสื่อสารสนเทศ

ลำดับที่ ประเภท เลขเรียก/บาร์โค้ด สถานที่ สถานะ
1. วิทยาศาสตร์การแพทย์ และสุขภาพ
วิทยาศาสตร์การแพทย์ และสุขภาพ
สถานะ=หนังสือเก่า
WB330 ธ666 ฉ.1 
  Barcode: 002470
ห้องสมุดวิทยาเขตสวรรค์ประชารักษ์
►ส่วนจัดเก็บหนังสือเก่า สปร
บนชั้น
  ขอยืม
2. วิทยาศาสตร์การแพทย์ และสุขภาพ
วิทยาศาสตร์การแพทย์ และสุขภาพ
สถานะ=หนังสือเก่า
WB330 ธ666 ฉ.2 
  Barcode: 002471
ห้องสมุดวิทยาเขตสวรรค์ประชารักษ์
►ส่วนจัดเก็บหนังสือเก่า สปร
บนชั้น
  ขอยืม

รายการใกล้เคียง
    ผู้แต่ง [ธีระพงษ์ ศรีศิลป์]

    หัวเรื่อง [การรักษาด้วยยา]

BibComment


ยังไม่เคยถูกคอมเมนท์

คอมเมนท์ทรัพยากรรายการนี้
  คอมเมนท์: Short note pharm..


 Copyright 2026. Bcnsprnw @Library